| 000 | 00826nam a22002057a 4500 | ||
|---|---|---|---|
| 999 |
_c13546 _d13546 |
||
| 003 | AR-CdUCM | ||
| 008 | 190415b ||||| |||| 00| 0 spa d | ||
| 040 |
_aMUNICIPALIDAD PROVINCIAL DEL CUSCO _cBIBLIOTECA MUNICIPAL DEL CUSCO |
||
| 082 |
_a376.5109 / _bU42 |
||
| 100 |
_aCarrasco Zamora, Francisco _932004 |
||
| 245 | _aLa Universidad Nacional de San Antonio Abad del Cusco en su Tercer Centenario / | ||
| 260 |
_aCusco : _bUNSAAC, _c1996. |
||
| 300 |
_a334 páginas ; _bFotografías, _c20 cm. |
||
| 505 | _aContenido: Rectores destacados por su obra -- Investigación notables de la universidad -- Catedráticos eminentes de la Unsaac -- Investigación -- Las facultades... | ||
| 650 |
_aUnsaac _98726 |
||
| 650 |
_aRectores _932005 |
||
| 650 |
_aInvestigación _91940 |
||
| 942 |
_2ddc _cLIBROS |
||
| 945 |
_adavv _d15/04/2019 |
||